Detalles MARC
| 000 -CABECERA |
| Longitud fija campo de control |
01759nam a2200409 c 4500 |
| 003 - • IDENTIFICADOR DELl NÚMERO DE CONTROL |
| Identificador del número de control |
CO-BoRNBP |
| 005 - • FECHA Y HORA DE LA ÚLTIMA TRANSACCIÓN |
| Fecha y hora de la última transacción |
20250826211847.0 |
| 007 - • CAMPO FIJO DE DESCRIPCIÓN FÍSICA |
| Campo fijo de descripción física |
ta |
| 008 - • CÓDIGOS DE INFORMACIÓN DE LONGITUD FIJA |
| Códigos de información de longitud fija |
200114s2015 sp gr 000 0 spa d |
| 020 ## - • NÚMERO INTERNACIONAL NORMALIZADO PARA LIBROS |
| Número Internacional Normalizado para Libros (ISBN) |
9788449328305 |
| 020 ## - • NÚMERO INTERNACIONAL NORMALIZADO PARA LIBROS |
| Número Internacional Normalizado para Libros (ISBN) |
9789584260956 |
| 040 ## - FUENTE DE LA CATALOGACIÓN |
| Centro catalogador de origen |
CO-BoRNBP |
| Lengua de catalogación |
spa |
| Normas de descripción |
rda |
| Centro transcriptor |
CO-BoRNBP |
| 041 0# - • CÓDIGO DE LENGUA |
| Código de lengua del texto/banda sonora o título independiente |
spa |
| 082 04 - • NÚMERO DE LA CLASIFICACIÓN DECIMAL DEWEY |
| Número de clasificación (R) |
303.385 |
| Número del ítem |
N87n |
| 100 ## - • PUNTO DE ACCESO PRINCIPAL-NOMBRE DE PERSONA |
| Nombre de persona |
Nussbaum, Martha Craven, |
| Fechas asociadas al nombre |
1947- |
| Término indicativo de función |
aut |
| 245 13 - • TITULO PROPIAMENTE DICHO |
| Título |
La nueva intolerancia religiosa : |
| Resto del título |
cómo superar la política del miedo en una época de inseguridad / |
| Mención de responsabilidad, etc. |
Martha C. Nussbaum ; traducción de Albino Santos Mosquera. |
| 250 ## - • MENCIÓN DE EDICIÓN |
| Mención de edición |
Primera edición |
| 264 #1 - PRODUCCIÓN, PUBLICACIÓN , DISTRIBUCIÓN, FABRICACIÓN Y COPYRIGHT |
| Lugar de producción, publicación, distribución, fabricación |
Barcelona, España : |
| Nombre del productor, editor, distribuidor, fabricante |
Paidós, |
| Fecha de de producción, publicación, distribución, fabricación o copyright |
2013 |
| 300 ## - • DESCRIPCIÓN FÍSICA |
| Extensión |
335 páginas |
| 336 ## - TIPO DE CONTENIDO |
| Fuente |
rdacontent |
| Término de tipo de contenido |
texto |
| Código de tipo de contenido |
txt |
| 337 ## - TIPO DE MEDIO |
| Fuente |
rdamedia |
| Nombre del tipo de medio |
sin mediación |
| Código del tipo de medio |
n |
| 338 ## - TIPO DE SOPORTE |
| Fuente |
rdacarrier |
| Nombre del tipo de soporte |
volumen |
| Código del tipo de soporte |
nc |
| 490 0# - • MENCIÓN DE SERIE |
| Mención de serie |
Paidós estado y sociedad |
| 500 ## - • NOTA GENERAL |
| Nota general |
Incluye datos biográficos de la autora en la solapa |
| 500 ## - • NOTA GENERAL |
| Nota general |
Incluye índice analítico y de nombres |
| 505 ## - • NOTA DE CONTENIDO CON FORMATO |
| Nota de contenido con formato |
La religión: tiempos de ansiedad y suspicacia -- El miedo: una emoción narcicista -- Los principios fundamentales: la igualdad de respeto en materia de conciencia -- La paja en el ojo ajeno: la imparcialidad y la vida examinada La <<mirada mental>>: el respeto y la imaginación empática -- El caso de Park 51 Cómo superar la política del miedo |
| 521 ## - • NOTA DE PÚBLICO DESTINATARIO |
| Nota público destinatario (R ) |
Recomendado para público adulto |
| 534 ## - • Nota De Versión Original |
| Título |
The new religious intolerance |
| 650 07 - • PUNTO DE ACCESO ADICIONAL DE MATERIA - TÉRMINO DE MATERIA |
| Término de materia o nombre geográfico como elemento inicial |
Libertad religiosa |
| Fuente del encabezamiento o término |
lemb |
| 650 07 - • PUNTO DE ACCESO ADICIONAL DE MATERIA - TÉRMINO DE MATERIA |
| Término de materia o nombre geográfico como elemento inicial |
Prejuicios |
| Fuente del encabezamiento o término |
lemb |
| 650 07 - • PUNTO DE ACCESO ADICIONAL DE MATERIA - TÉRMINO DE MATERIA |
| Término de materia o nombre geográfico como elemento inicial |
Segregación |
| Fuente del encabezamiento o término |
lemb |
| 650 07 - • PUNTO DE ACCESO ADICIONAL DE MATERIA - TÉRMINO DE MATERIA |
| Término de materia o nombre geográfico como elemento inicial |
Tolerancia |
| Fuente del encabezamiento o término |
lemb |
| 650 07 - • PUNTO DE ACCESO ADICIONAL DE MATERIA - TÉRMINO DE MATERIA |
| Término de materia o nombre geográfico como elemento inicial |
Tolerancia |
| Subdivisión de materia general |
Aspectos religiosos |
| Fuente del encabezamiento o término |
lemb |
| 700 ## - • PUNTO DE ACCESO ADICIONAL - NOMBRE DE PERSONA |
| Nombre de persona |
Santos Mosquera, Albino |
| 942 ## - ENTRADA DE ELEMENTOS AGREGADOS (KOHA) |
| Fuente de clasificaión o esquema |
Dewey Decimal Classification |
| Koha [por defecto] tipo de item |
LIbro |